[Event "XLI Rilton Cup 2011-12"]
[Site "Stockholm SWE"]
[Date "2012.01.03"]
[Round "7"]
[Board "13"]
[White "Johansson, Linus"]
[Black "Akesson, Ralf"]
[Result "1-0"]
[BlackTitle "GM"]
[WhiteElo "2197"]
[BlackElo "2421"]
[WhiteFideId "1711113"]
[BlackFideId "1700120"]
[EventDate "2011.12.27"]

1. d4 d5 2. c4 e6 3. Nc3 Be7 4. cxd5 exd5 5. Bf4 c6 6. e3 Bf5 7. g4 Be6 8. h3
Nd7 9. Bd3 Nb6 10. Nf3 Bd6 11. Bxd6 Qxd6 12. Qc2 Ne7 13. O-O-O Nd7 14. Ng5 h6
15. Nxe6 Qxe6 16. Bf5 Qd6 17. Kb1 Nb6 18. f3 h5 19. Bd3 O-O-O 20. Qf2 Kb8 21.
Bc2 Nec8 22. g5 Rhe8 23. e4 Qf4 24. Qh2 Qxh2 25. Rxh2 dxe4 26. fxe4 Re7 27. Rf2
Red7 28. Ne2 c5 29. dxc5 Rxd1+ 30. Bxd1 Rxd1+ 31. Kc2 Rd7 32. cxb6 Nxb6 33. Nf4
g6 34. b3 Re7 35. Kd3 Nd7 36. Kd4 Ne5 37. Nd5 Re8 38. b4 Nc6+ 39. Ke3 Ne5 40. b5
Re6 41. a4 a6 42. Rc2 axb5 43. axb5 Rd6 44. Rc3 Nd7 45. Kd4 Nf8 46. h4 Rd8 47.
Rf3 Ne6+ 48. Ke5 Rd7 49. Rc3 Rd8 50. Kf6 Rd7 51. Nb6 Rd6 52. Nc4 Rd4 53. Kxf7
Nc5 54. Kxg6 Nxe4 55. Rc1 Ng3 56. b6 Re4 57. Rc3 Ne2 58. Re3 Nf4+ 59. Kf5 1-0

[Event "XLI Rilton Cup 2011-12"]
[Site "Stockholm SWE"]
[Date "2012.01.03"]
[Round "7"]
[Board "14"]
[White "Byklum, Bjornar"]
[Black "Lindberg, Bengt"]
[Result "0-1"]
[WhiteTitle "FM"]
[BlackTitle "IM"]
[WhiteElo "2252"]
[BlackElo "2415"]
[WhiteFideId "1502123"]
[BlackFideId "1700359"]
[EventDate "2011.12.27"]

1. e4 c5 2. Nc3 a6 3. f4 b5 4. Nf3 Bb7 5. d4 cxd4 6. Qxd4 e6 7. Bd3 Nf6 8. e5
Nd5 9. Nxd5 Bxd5 10. Qf2 Nc6 11. O-O Be7 12. Be3 O-O 13. c3 d6 14. Rad1 f5 15.
exf6 Bxf6 16. Bb1 g6 17. Qg3 Ne7 18. Bd4 Bxd4+ 19. Nxd4 Kh8 20. Rfe1 Rf6 21. Rd2
Qg8 22. Qg5 Raf8 23. Be4 Qf7 24. Bxd5 Nxd5 25. g3 e5 26. Nf3 Rf5 27. Qh4 Nxf4
28. Rxd6 Qa7+ 29. Nd4 g5 30. Qh6 exd4 31. cxd4 Nd3 32. Re3 g4 33. Re2 Rf1+ 34.
Kg2 Ne1+ 35. Rxe1 R8f2# 0-1

[Event "XLI Rilton Cup 2011-12"]
[Site "Stockholm SWE"]
[Date "2012.01.03"]
[Round "7"]
[Board "16"]
[White "Leer-Salvesen, Bjarte"]
[Black "Denisov, Ivan"]
[Result "0-1"]
[WhiteTitle "IM"]
[WhiteElo "2380"]
[BlackElo "2348"]
[WhiteFideId "1501496"]
[BlackFideId "24119466"]
[EventDate "2011.12.27"]

1. c4 e5 2. g3 Nf6 3. Bg2 d5 4. cxd5 Nxd5 5. Nf3 Nc6 6. O-O Nb6 7. Nc3 Be7 8. a3
Be6 9. b4 O-O 10. Rb1 f6 11. d3 Nd4 12. Nd2 c6 13. Nde4 Bf7 14. Nc5 Qc7 15. e3
Ne6 16. Nxe6 Bxe6 17. Qc2 a5 18. d4 axb4 19. axb4 exd4 20. Nb5 d3 21. Nxc7 dxc2
22. Rb2 Bc4 23. Nxa8 Rxa8 24. Re1 Na4 25. Rxc2 Bxb4 26. Rxc4 Bxe1 27. Kf1 Nb6
28. Rc2 Bb4 29. e4 Kf7 30. f4 Ra1 31. Kf2 Na4 32. Be3 c5 33. e5 b6 34. Bc6 fxe5
35. fxe5 Ke6 36. Kf3 h6 37. h4 Ra3 38. Kf4 Bc3 39. Bc1 Bxe5+ 40. Ke4 Rxg3 41.
Bf4 Rg4 42. Bd7+ Kxd7 43. Kxe5 Rxh4 44. Ra2 0-1

[Event "XLI Rilton Cup 2011-12"]
[Site "Stockholm SWE"]
[Date "2012.01.03"]
[Round "7"]
[Board "17"]
[White "Cramling, Pia"]
[Black "Dragicevic, Drazen"]
[Result "1-0"]
[WhiteTitle "GM"]
[BlackTitle "FM"]
[WhiteElo "2495"]
[BlackElo "2312"]
[WhiteFideId "1700030"]
[BlackFideId "1707922"]
[EventDate "2011.12.27"]

1. c4 e5 2. g3 Nf6 3. Bg2 d5 4. cxd5 Nxd5 5. Nf3 Nc6 6. O-O Be7 7. d4 e4 8. Ne5
f5 9. Nxc6 bxc6 10. Qa4 O-O 11. Qxc6 Rb8 12. a3 Rf6 13. Qc2 c5 14. dxc5 Rc6 15.
b4 a5 16. Rd1 axb4 17. axb4 Rxb4 18. Nc3 Be6 19. Nxd5 Bxd5 20. Qd2 Rxc5 21. Qxb4
Rxc1 22. Qd2 Rc5 23. e3 Bf6 24. Rac1 Rxc1 25. Qxc1 Qa8 26. Bf1 Bf7 27. Rd7 Be8
28. Rc7 Qa4 29. Qc5 h5 30. Qxf5 1-0

[Event "XLI Rilton Cup 2011-12"]
[Site "Stockholm SWE"]
[Date "2012.01.03"]
[Round "7"]
[Board "18"]
[White "Blomqvist, Erik"]
[Black "Henriksson, Johan"]
[Result "1-0"]
[WhiteTitle "IM"]
[WhiteElo "2477"]
[BlackElo "2295"]
[WhiteFideId "1709437"]
[BlackFideId "1703560"]
[EventDate "2011.12.27"]

1. d4 c6 2. c4 d5 3. Nf3 Nf6 4. e3 g6 5. Nc3 Bg7 6. Be2 O-O 7. O-O Be6 8. b3 Ne4
9. Nxe4 dxe4 10. Ng5 Bf5 11. g4 e5 12. Nxf7 Rxf7 13. gxf5 Nd7 14. fxg6 hxg6 15.
Bg4 Nf8 16. d5 Qh4 17. h3 Kh8 18. Bb2 Nh7 19. f4 exf3 20. Rxf3 Raf8 21. Rxf7
Rxf7 22. Qe1 Qg5 23. Qg3 cxd5 24. cxd5 Nf6 25. Qxe5 Qxe5 26. Bxe5 Nxd5 27. Bxg7+
Rxg7 28. e4 Nf6 29. Bf3 Re7 30. Rc1 Kg7 31. e5 Ne8 32. Kf2 b6 33. Re1 Nc7 34.
Kg3 Na6 35. a3 Nc5 36. Re3 Ne6 37. b4 Nd4 38. Bg4 Nc6 39. Kf4 a5 40. b5 Nd4 41.
a4 Rc7 42. Kg5 Rc5 43. Re4 Nc2 44. Be6 Nb4 45. Bc4 Nc2 46. Kf4 Kf8 47. h4 Nb4
48. Rd4 Nc2 49. Re4 Nb4 50. e6 Ke7 51. Rd4 Ke8 52. Bb3 Rc3 53. Bd1 Ke7 54. Bg4
Nd3+ 55. Kg5 Ne5 56. Re4 Rc5 57. Kh6 Kf6 58. Rf4+ Ke7 59. Kg7 Rc1 60. Re4 Rc5
61. Bh3 Rd5 62. Rf4 Rd3 63. Bg4 Rg3 64. Rf7+ Ke8 65. Bd1 Rd3 66. Bc2 Rd6 67.
Bxg6 Nxg6 68. Kxg6 Rxe6+ 69. Rf6 Re4 70. h5 Rg4+ 71. Kh7 Rxa4 72. h6 Rb4 73.
Rxb6 Kf7 74. Rb7+ Kf8 75. Kg6 Rg4+ 76. Kh5 Rg1 77. h7 Rh1+ 78. Kg6 Rg1+ 79. Kf5 1-0

[Event "XLI Rilton Cup 2011-12"]
[Site "Stockholm SWE"]
[Date "2012.01.03"]
[Round "7"]
[Board "19"]
[White "L'Ami, Alina"]
[Black "Codenotti, Marco"]
[Result "1-0"]
[WhiteTitle "WGM"]
[BlackTitle "FM"]
[WhiteElo "2364"]
[BlackElo "2293"]
[WhiteFideId "1210246"]
[BlackFideId "800015"]
[EventDate "2011.12.27"]

1. d4 Nf6 2. c4 g6 3. Nc3 Bg7 4. e4 d6 5. h3 O-O 6. Bg5 c5 7. d5 e6 8. Bd3 exd5
9. exd5 Nbd7 10. Nf3 Re8+ 11. Be3 Nh5 12. O-O Ne5 13. Be2 Nxf3+ 14. Bxf3 Ng3 15.
Re1 Nf5 16. Bf4 Rxe1+ 17. Qxe1 Nd4 18. Be4 a6 19. a4 f5 20. Bd3 g5 21. Be3 Bd7
22. Rb1 g4 23. hxg4 fxg4 24. Ne4 Bf5 25. Bg5 Qe8 26. Qe3 Qg6 27. Re1 Rf8 28. Bf4
Nf3+ 29. gxf3 Bd4 30. Qd2 gxf3+ 31. Ng3 Bxd3 32. Re6 Qg4 33. Bxd6 Qh3 34. Qg5+
Kh8 35. Be5+ Bxe5 36. Qxe5+ Kg8 37. Qg5+ Bg6 38. Ne4 Rf5 39. Qg3 1-0

[Event "XLI Rilton Cup 2011-12"]
[Site "Stockholm SWE"]
[Date "2012.01.03"]
[Round "7"]
[Board "20"]
[White "Von Bahr, Oskar"]
[Black "Westerberg, Jonathan"]
[Result "1/2-1/2"]
[BlackTitle "FM"]
[WhiteElo "2284"]
[BlackElo "2321"]
[WhiteFideId "1703250"]
[BlackFideId "1701754"]
[EventDate "2011.12.27"]

1. c4 e5 2. g3 Nc6 3. Nc3 f5 4. Nf3 Nf6 5. d4 e4 6. Nh4 d6 7. Bh3 g6 8. Bg5 Kf7
9. Nd5 Bg7 10. f3 exf3 11. Nxf3 h6 12. Bxf6 Bxf6 13. O-O Kg7 14. e3 Bg5 15. Qd2
Be6 16. Rac1 Bf7 17. Bg2 Rc8 18. Rc3 h5 19. h4 Bh6 20. a3 Bxd5 21. cxd5 Nb8 22.
Rfc1 Re8 23. Qf2 Nd7 24. Ng5 Nf8 25. e4 Bxg5 26. hxg5 fxe4 27. Bh3 Nd7 28. Be6
Re7 29. g4 c5 30. gxh5 gxh5 31. Qh2 Kg6 32. Qxd6 Nf8 33. dxc5 Nxe6 34. dxe6 Qxd6
35. cxd6 Rxc3 36. bxc3 Rxe6 37. Rd1 Re8 38. Rd5 e3 39. Kf1 Kf7 40. Ke2 Ke6 41.
c4 Kd7 42. g6 Rg8 43. Rxh5 Rxg6 44. c5 Kc6 45. Kxe3 b6 1/2-1/2

[Event "XLI Rilton Cup 2011-12"]
[Site "Stockholm SWE"]
[Date "2012.01.03"]
[Round "7"]
[Board "22"]
[White "Olund, Joar"]
[Black "Lindgren, Philip"]
[Result "1/2-1/2"]
[WhiteElo "2141"]
[BlackElo "2152"]
[WhiteFideId "1714848"]
[BlackFideId "1713230"]
[EventDate "2011.12.27"]

1. d4 d5 2. c4 c6 3. Nf3 Nf6 4. Nc3 e6 5. Bg5 h6 6. Bxf6 Qxf6 7. e3 Nd7 8. Bd3
dxc4 9. Bxc4 g6 10. O-O Bg7 11. Rc1 O-O 12. e4 e5 13. d5 Nb6 14. dxc6 bxc6 15.
Be2 Rd8 16. Qc2 Rb8 17. Nd1 Rd6 18. Ne3 Be6 19. b4 h5 20. Rfd1 Rbd8 21. Rxd6
Rxd6 22. Qc5 Bg4 23. Qa5 Qe7 24. h3 Bxf3 25. Bxf3 Bh6 26. Qa3 Qd7 27. Qc3 Bxe3
28. fxe3 f6 29. a4 Nc8 30. Be2 Ne7 31. b5 Kg7 32. Qb3 cxb5 33. Bxb5 Qb7 34. Qc4
Rd8 35. Qc7 Rb8 36. Qd6 Rc8 37. Rxc8 Nxc8 38. Qe6 Qc7 39. Bc4 Qd8 40. Qf7+ 1/2-1/2

[Event "XLI Rilton Cup 2011-12"]
[Site "Stockholm SWE"]
[Date "2012.01.03"]
[Round "7"]
[Board "24"]
[White "Holving, Rasmus"]
[Black "Arman, Deniz"]
[Result "0-1"]
[BlackTitle "FM"]
[WhiteElo "2221"]
[BlackElo "2304"]
[WhiteFideId "1703145"]
[BlackFideId "6302106"]
[EventDate "2011.12.27"]

1. e4 c5 2. a3 g6 3. Nc3 Bg7 4. f4 Nc6 5. Nf3 d6 6. Bb5 Bd7 7. O-O e6 8. e5 dxe5
9. Ne4 exf4 10. d3 e5 11. b4 cxb4 12. axb4 Qb6+ 13. Kh1 Nh6 14. Nd6+ Kf8 15. Bc4
Nd8 16. b5 Kg8 17. Ne4 Nf5 18. d4 Nxd4 19. Nxd4 Qxd4 20. Qxd4 exd4 21. Bxf4 Be6
22. Nd6 Bxc4 23. Nxc4 Ne6 24. b6 Nxf4 25. bxa7 Nd5 26. Ra5 Ne3 27. Rb1 Nxc4 28.
Rxb7 Bf6 0-1

[Event "XLI Rilton Cup 2011-12"]
[Site "Stockholm SWE"]
[Date "2012.01.03"]
[Round "7"]
[Board "25"]
[White "Mack, Wolfgang"]
[Black "Isetoft, Daniel"]
[Result "1-0"]
[WhiteElo "2293"]
[BlackElo "2206"]
[WhiteFideId "4685458"]
[BlackFideId "1708996"]
[EventDate "2011.12.27"]

1. c4 Nf6 2. g3 e5 3. Bg2 Nc6 4. Nc3 Bb4 5. Nd5 Bc5 6. a3 a5 7. e3 O-O 8. Ne2
Nxd5 9. cxd5 Ne7 10. d4 exd4 11. Nxd4 a4 12. b4 axb3 13. Nxb3 Bd6 14. Bb2 Ng6
15. O-O Be5 16. Bxe5 Nxe5 17. f4 Nc4 18. Qd3 Nb2 19. Qc2 Na4 20. d6 cxd6 21. Be4
h6 22. Kf2 Nb6 23. Rfd1 d5 24. Bxd5 Nxd5 25. Rxd5 d6 26. Qd3 Ra6 27. Nc5 Rc6 28.
Ne4 Be6 29. Rxd6 Qa5 30. Rxc6 bxc6 31. Qc3 Qd5 32. Nc5 Bf5 33. Qd4 Rd8 34. Qxd5
Rxd5 35. Nb3 Bc2 36. Nd4 Ba4 37. Rc1 c5 38. Rc4 cxd4 39. Rxa4 dxe3+ 40. Kxe3 Rd1
41. Rd4 Ra1 42. Rd8+ Kh7 43. Rd3 Ra2 44. h4 Kg6 45. Kd4 Kf5 46. Re3 f6 47. Kc4
g5 48. fxg5 fxg5 49. hxg5 hxg5 50. Kb4 Kg4 51. a4 Rb2+ 52. Rb3 Re2 53. a5 Re4+
54. Kb5 Re5+ 55. Ka4 Re6 56. Ra3 Kh3 57. Kb5 Re5+ 58. Kc4 g4 59. a6 Re7 60. a7
Rxa7 61. Rxa7 Kxg3 62. Kd3 Kf2 63. Ke4 g3 64. Ra2+ 1-0

[Event "XLI Rilton Cup 2011-12"]
[Site "Stockholm SWE"]
[Date "2012.01.03"]
[Round "7"]
[Board "29"]
[White "Villegas, Pierre"]
[Black "Arjun, Bharat"]
[Result "1-0"]
[BlackTitle "CM"]
[WhiteElo "2249"]
[BlackElo "2178"]
[WhiteFideId "654183"]
[BlackFideId "5032725"]
[EventDate "2011.12.27"]

1. c4 Nf6 2. Nc3 g6 3. d4 Bg7 4. e4 d6 5. f3 O-O 6. Nge2 a6 7. Be3 c6 8. Qd2 b5
9. Ng3 bxc4 10. Bxc4 d5 11. Be2 dxe4 12. fxe4 e5 13. dxe5 Ng4 14. Qxd8 Rxd8 15.
Bg5 Re8 16. O-O Nxe5 17. Rac1 Be6 18. b3 Nbd7 19. Na4 a5 20. Be3 Bf8 21. Rc2
Rac8 22. Rfc1 Ba3 23. Rd1 c5 24. Nf1 Rc7 25. Bf4 Rec8 26. Ba6 Ra8 27. Bb5 Rb7
28. Bxd7 Nxd7 29. Ne3 Rc8 30. Bd6 Bb4 31. Nc4 Re8 32. Ra1 Bxc4 33. Rxc4 Re6 34.
Bf4 Ba3 35. Rd1 Nf6 36. Nxc5 Bxc5+ 37. Rxc5 Rxe4 38. Be5 Ne8 39. Rxa5 Re7 40.
Bc3 Re2 41. Rd2 Re1+ 42. Kf2 f5 43. Rad5 R1e4 44. g3 f4 45. Rd7 R7e6 46. Bb2
fxg3+ 47. hxg3 h5 48. R7d4 Nf6 49. Rd8+ Ne8 50. R8d3 h4 51. gxh4 Rxh4 52. Kg2
Rg4+ 53. Rg3 Rge4 54. Rgd3 Rg4+ 55. Kf3 Rh4 56. Rd4 Rh3+ 57. Kg2 Rhe3 58. R4d3
R3e4 59. Bc3 g5 60. Rf2 Nd6 61. Rf6 Rg4+ 62. Kf3 Rxf6+ 63. Kxg4 Rg6 64. Re3 Nf7
65. Re8+ Kh7 66. Rf8 Nh6+ 67. Kh5 Rg8 68. Rf6 1-0

[Event "XLI Rilton Cup 2011-12"]
[Site "Stockholm SWE"]
[Date "2012.01.03"]
[Round "7"]
[Board "30"]
[White "Cramling, Dan"]
[Black "Agrest, Inna"]
[Result "1-0"]
[WhiteTitle "IM"]
[BlackTitle "WIM"]
[WhiteElo "2392"]
[BlackElo "2189"]
[WhiteFideId "1700162"]
[BlackFideId "1708830"]
[EventDate "2011.12.27"]

1. d4 Nf6 2. c4 g6 3. Nc3 Bg7 4. e4 d6 5. Nf3 O-O 6. Be2 Nbd7 7. Be3 e5 8. d5 a6
9. b4 Ng4 10. Bg5 f6 11. Bh4 Qe8 12. Nd2 Nh6 13. f3 f5 14. Nb3 Nf6 15. O-O Nh5
16. Re1 g5 17. Bxg5 Qg6 18. Bxh6 Bxh6 19. Bf1 Bf4 20. Qe2 Rf7 21. Qf2 Qh6 22.
Qh4 Bg5 23. Qf2 Rg7 24. Rad1 Nf4 25. g3 Bh4 26. exf5 Bxf5 27. Ne4 Bxe4 28. Rxe4
Rf8 29. Bg2 Kh8 30. Nd2 Bg5 31. gxf4 Bh4 32. Qf1 Rfg8 33. Re2 exf4 34. Ne4 Qh5
35. c5 Rg6 36. Red2 Rh6 37. h3 Qf5 38. Kh1 Bd8 39. Nf2 Rg3 40. Ng4 Rh4 41. Qd3
Qg5 42. Qd4+ Kg8 43. Qe4 Kg7 44. Qe6 Be7 45. Nf2 Rh6 46. Ne4 Rxe6 47. Nxg5 Re3
48. Ne6+ Kf7 49. Nxc7 Rg5 50. Ne6 Rge5 51. Rc2 Bh4 52. c6 bxc6 53. dxc6 Rxe6 54.
c7 Re1+ 55. Rxe1 Rxe1+ 56. Bf1 1-0

[Event "XLI Rilton Cup 2011-12"]
[Site "Stockholm SWE"]
[Date "2012.01.03"]
[Round "7"]
[Board "32"]
[White "Johansson, Gunnar"]
[Black "Hedstrom, Johan"]
[Result "1-0"]
[WhiteElo "2238"]
[BlackElo "2100"]
[WhiteFideId "1703501"]
[BlackFideId "1714813"]
[EventDate "2011.12.27"]

1. d4 g6 2. Nf3 f5 3. g3 Nf6 4. Bg2 Bg7 5. O-O O-O 6. b3 d6 7. Bb2 c6 8. c4 Nh5
9. Qc2 Na6 10. a3 Qe8 11. d5 c5 12. Bxg7 Kxg7 13. Nc3 Nc7 14. e4 fxe4 15. Nxe4
Nf6 16. Rae1 Qd8 17. Nc3 Rb8 18. a4 b6 19. Re3 a6 20. Rfe1 Re8 21. Ng5 Ng4 22.
Rf3 Rf8 23. Rxf8 Qxf8 24. Qe2 Ne5 25. f4 Bg4 26. Qe3 Nf7 27. Qxe7 Re8 28. Qxf8+
Kxf8 29. Nxh7+ Kg7 30. Rxe8 Nxe8 31. Ng5 Nxg5 32. fxg5 Bd7 33. Kf2 Kf7 34. Ke3
Nc7 35. Bf1 Ke7 36. Bd3 Be8 37. h4 Bf7 38. Be4 Be8 39. Kf4 Kf7 40. Bd3 Ke7 41.
g4 Bf7 42. h5 Kf8 43. Bxg6 Bxg6 44. hxg6 Ke7 45. Ne4 Ne8 46. Nf6 Ng7 47. Nh5 Ne8
48. Kf5 Nc7 49. Nf6 1-0

[Event "XLI Rilton Cup 2011-12"]
[Site "Stockholm SWE"]
[Date "2012.01.03"]
[Round "7"]
[Board "33"]
[White "Martynov, Pavel2"]
[Black "Golikov, Nikolai"]
[Result "0-1"]
[WhiteElo "2211"]
[BlackElo "2003"]
[WhiteFideId "4122186"]
[BlackFideId "24101630"]
[EventDate "2011.12.27"]

1. d4 Nf6 2. c4 e6 3. Nc3 Bb4 4. e3 d5 5. Ne2 O-O 6. a3 Bxc3+ 7. Nxc3 b6 8. Bd3
dxc4 9. Bxc4 Bb7 10. O-O Qe7 11. Qe2 Rd8 12. Rd1 c5 13. b4 Nc6 14. b5 Na5 15.
Ba2 Rac8 16. Bb2 cxd4 17. exd4 Nd5 18. Nxd5 Bxd5 19. Bxd5 Rxd5 20. Rac1 Rcd8 21.
Rc3 h6 22. h3 Nb7 23. a4 Nd6 24. g4 Rd7 25. Rc6 Qg5 26. Kh1 Qh4 27. Kg2 h5 28.
Rd3 Qg5 29. Kh1 Qg6 30. Re3 Rg5 31. f3 Nf5 32. Rc8+ Kh7 33. f4 Nxe3 34. fxg5
Qe4+ 35. Kg1 Qf4 36. gxh5 Rd5 37. Qd3+ Rf5 38. g6+ fxg6 39. hxg6+ Kxg6 0-1

[Event "XLI Rilton Cup 2011-12"]
[Site "Stockholm SWE"]
[Date "2012.01.03"]
[Round "7"]
[Board "34"]
[White "Pettersson, Anders1"]
[Black "Rydstrom, Tom"]
[Result "1-0"]
[WhiteElo "2207"]
[BlackElo "1939"]
[WhiteFideId "1709771"]
[BlackFideId "1714830"]
[EventDate "2011.12.27"]

1. d4 d5 2. c4 e6 3. Nf3 Nf6 4. Nc3 Nbd7 5. Bg5 Be7 6. e3 O-O 7. Rc1 c6 8. Bd3
dxc4 9. Bxc4 b5 10. Bd3 a6 11. a4 Bb7 12. O-O Rc8 13. Qe2 Re8 14. Rfd1 Qb6 15.
Ne5 b4 16. Bxf6 Nxf6 17. Ne4 Nxe4 18. Bxe4 g6 19. Qf3 f5 20. Bxc6 Bxc6 21. Rxc6
Rxc6 22. Nxc6 Bd6 23. d5 e5 24. Qe2 Rf8 25. Qc4 f4 26. a5 Qb7 27. Re1 Qc8 28.
exf4 Qf5 29. g3 exf4 30. Ne7+ Bxe7 31. d6+ Kh8 32. dxe7 Re8 33. Qxb4 f3 34. Qb6
Qh3 35. Qf6+ Kg8 36. Qxf3 Qd7 37. Qf6 Qd2 38. Qe6+ Kg7 39. Qe5+ Kg8 40. Re4 1-0

[Event "XLI Rilton Cup 2011-12"]
[Site "Stockholm SWE"]
[Date "2012.01.03"]
[Round "7"]
[Board "35"]
[White "Kassani, Sam"]
[Black "Eriksson, Jorgen"]
[Result "1/2-1/2"]
[WhiteElo "1998"]
[BlackElo "2240"]
[WhiteFideId "1709089"]
[BlackFideId "1701967"]
[EventDate "2011.12.27"]

1. d4 d5 2. c4 e6 3. Nc3 Be7 4. Nf3 Nf6 5. Bg5 h6 6. Bh4 O-O 7. e3 b6 8. cxd5
exd5 9. Bd3 Bb7 10. O-O Nbd7 11. Rc1 a6 12. Bg3 c5 13. Bb1 Rc8 14. Ne5 cxd4 15.
exd4 Ne4 16. Nxe4 dxe4 17. Rxc8 Qxc8 18. f3 exf3 19. gxf3 Nxe5 20. Bxe5 Qe6 21.
Qd3 g6 22. Bc2 b5 23. Bg3 Bd5 24. Re1 Qd7 25. Qe3 Bg5 26. f4 Bf6 27. f5 Bc6 28.
Be5 Bg5 29. Qf2 Qd8 30. f6 Qc8 31. Qg3 Bd7 32. Be4 Bh3 33. Bf3 Kh7 34. d5 Re8
35. Bd4 Rxe1+ 36. Qxe1 Qf5 37. Qe7 Qb1+ 38. Kf2 Bh4+ 39. Ke3 Qc1+ 40. Kd3 Bf1+
41. Ke4 Qe1+ 42. Be3 Qb1+ 43. Ke5 Qf5+ 44. Kd6 Bxf6 45. Qxf7+ Kh8 46. Qf8+ Kh7
47. Qxh6+ Kg8 48. Qf4 Qxf4+ 49. Bxf4 Bxb2 50. Kc7 Bc4 51. d6 Bxa2 52. d7 Bf6 53.
d8=Q+ Bxd8+ 54. Kxd8 Kf7 55. Kc7 b4 56. Kb6 Be6 57. Kxa6 Kf6 58. h4 Kf5 59. Bc1
b3 60. Be2 Bf7 61. Bb2 g5 62. hxg5 1/2-1/2

[Event "XLI Rilton Cup 2011-12"]
[Site "Stockholm SWE"]
[Date "2012.01.03"]
[Round "7"]
[Board "36"]
[White "Jonsson, Emil"]
[Black "Hansson, Fredrik"]
[Result "1-0"]
[WhiteElo "2066"]
[BlackElo "1985"]
[WhiteFideId "1712268"]
[BlackFideId "1713256"]
[EventDate "2011.12.27"]

1. e4 e5 2. Nf3 Nc6 3. d4 exd4 4. Bc4 Nf6 5. e5 d5 6. Bb5 Ne4 7. Nxd4 Bd7 8.
Bxc6 bxc6 9. O-O Bc5 10. f3 Ng5 11. f4 Ne4 12. Be3 Bb6 13. Nc3 Nxc3 14. bxc3 O-O
15. Qd2 Qe7 16. Rae1 Rae8 17. Kh1 Qa3 18. Nb3 Bf5 19. Bxb6 axb6 20. Nd4 Be4 21.
f5 c5 22. f6 Rxe5 23. Nc6 Rh5 24. Ne7+ Kh8 25. fxg7+ Kxg7 26. Qf4 Bg6 27. Qf6+
Kh6 28. g4 1-0

[Event "XLI Rilton Cup 2011-12"]
[Site "Stockholm SWE"]
[Date "2012.01.03"]
[Round "7"]
[Board "37"]
[White "Frisk, Ellinor"]
[Black "Olofsson-Dolk, Mattis"]
[Result "1/2-1/2"]
[WhiteTitle "WFM"]
[WhiteElo "2184"]
[BlackElo "1988"]
[WhiteFideId "1708481"]
[BlackFideId "1715178"]
[EventDate "2011.12.27"]

1. d4 Nf6 2. Nc3 d5 3. Bg5 c6 4. Qd3 Qa5 5. Bd2 Qc7 6. e4 dxe4 7. Nxe4 Nbd7 8.
Nf3 Nxe4 9. Qxe4 Nf6 10. Qe2 g6 11. g3 Bg7 12. Bg2 O-O 13. O-O Bg4 14. Rfe1 Rfe8
15. Bf4 Qb6 16. c3 Nd5 17. Bg5 h6 18. Be3 e5 19. dxe5 Nxe3 20. Qxe3 Bxf3 21.
Qxb6 axb6 22. Bxf3 Rxe5 23. Red1 Kf8 24. a3 Ke7 25. Rd2 Rd8 26. Rxd8 Kxd8 27.
Rd1+ Ke7 28. Kf1 1/2-1/2

[Event "XLI Rilton Cup 2011-12"]
[Site "Stockholm SWE"]
[Date "2012.01.03"]
[Round "7"]
[Board "38"]
[White "Bryntze, Stefan"]
[Black "Evertsson, Lennart"]
[Result "1-0"]
[WhiteElo "2175"]
[BlackElo "2130"]
[WhiteFideId "1709100"]
[BlackFideId "1705156"]
[EventDate "2011.12.27"]

1. f4 d6 2. Nf3 Bg4 3. e4 Nd7 4. h3 Bxf3 5. Qxf3 c6 6. b3 Ngf6 7. Nc3 e5 8. Bb2
Be7 9. O-O-O Qc7 10. g4 Nc5 11. fxe5 dxe5 12. h4 Ne6 13. Ne2 Qa5 14. Kb1 Nd7 15.
g5 Ba3 16. Ba1 Qc7 17. Bh3 Qd6 18. d4 Qe7 19. dxe5 O-O 20. Ng3 Ndc5 21. Nf5 Qc7
22. Rhg1 a5 23. h5 a4 24. g6 fxg6 25. hxg6 h6 26. Qh5 Rad8 27. Rd6 Rde8 28.
Nxh6+ gxh6 29. g7 Rf7 30. Rxe6 Rxe6 31. Bxe6 Nxe6 32. Qxh6 Nxg7 33. e6 Re7 34.
Rh1 Nxe6 35. Qh8+ Kf7 36. Rh7+ Kg6 37. Rh6+ Kg5 38. Qf6+ Kg4 39. Qf5+ 1-0

[Event "XLI Rilton Cup 2011-12"]
[Site "Stockholm SWE"]
[Date "2012.01.04"]
[Round "8"]
[Board "2"]
[White "Solak, Dragan"]
[Black "Cicak, Slavko"]
[Result "1/2-1/2"]
[WhiteTitle "GM"]
[BlackTitle "GM"]
[WhiteElo "2629"]
[BlackElo "2566"]
[WhiteFideId "916811"]
[BlackFideId "1700588"]
[EventDate "2011.12.27"]

1. e4 e6 2. d4 b6 3. Bd3 Bb7 4. Qe2 Nf6 5. Nf3 d6 6. O-O Nbd7 7. Re1 e5 8. Nc3
Be7 9. Bg5 h6 10. Bh4 Nh5 11. Bxe7 Qxe7 12. Ba6 Nf4 13. Qc4 Bxa6 14. Qxa6 O-O
15. g3 Ne6 16. Nd5 Qd8 17. dxe5 Nxe5 18. Nxe5 dxe5 19. Rad1 c6 20. Ne3 Qc7 21.
Nf5 Rad8 22. Kg2 Kh7 23. c3 1/2-1/2

[Event "XLI Rilton Cup 2011-12"]
[Site "Stockholm SWE"]
[Date "2012.01.04"]
[Round "8"]
[Board "4"]
[White "Socko, Bartosz"]
[Black "Gajewski, Grzegorz"]
[Result "1-0"]
[WhiteTitle "GM"]
[BlackTitle "GM"]
[WhiteElo "2635"]
[BlackElo "2616"]
[WhiteFideId "1107038"]
[BlackFideId "1116207"]
[EventDate "2011.12.27"]

1. c4 Nf6 2. Nc3 d5 3. cxd5 Nxd5 4. g3 g6 5. Bg2 Nb6 6. Nf3 Bg7 7. O-O Nc6 8. d3
O-O 9. Be3 e5 10. Rc1 h6 11. b4 Nd4 12. Nd2 c6 13. Nde4 a5 14. b5 f5 15. Nc5 f4
16. Bxd4 exd4 17. bxc6 bxc6 18. N3a4 Nd5 19. Ne4 Bd7 20. Nac5 Bg4 21. Re1 Kh7
22. Qa4 Qc7 23. Bf3 Bh3 24. Nb3 Bd7 25. Qc4 Qe5 26. Qc5 a4 27. Nbd2 Qf5 28. Nc4
Rab8 29. Qd6 Rfd8 30. Qa3 Bf8 31. Qxa4 Ra8 32. Qc2 Nb4 33. Qb2 Nxa2 34. Ra1 Rdb8
35. Qxd4 Bg7 36. Qd6 Qe6 37. Rab1 Qxd6 38. Ncxd6 Nc3 39. Rxb8 Rxb8 40. gxf4 Nd5
41. e3 Rb2 42. Kg2 Bf8 43. Nc4 Rc2 44. Ra1 Bf5 45. Kg3 Be7 46. Bd1 1-0